| 000 | 00617nam a22002057a 4500 | ||
|---|---|---|---|
| 008 | 151001b xxu||||| |||| 00| 0 eng d | ||
| 020 | _a9780538743259 | ||
| 020 | _a0538743255 | ||
| 041 | 0 | _aeng | |
| 080 | _a338.2 | ||
| 245 |
_aSouth-Western Federal taxation. _cHoffman; Raabe, Smith, Maloney; |
||
| 250 | _a2011 ed. | ||
| 260 |
_aMason, Ohio : _bSouth-Western Cengage Learning, _c2011. |
||
| 300 |
_a(various paging) _bme il.; _c28 cm. |
||
| 650 | 0 | _aKorporata | |
| 650 | 0 | _aOrtakëria | |
| 650 | 0 | _aTaksa | |
| 650 | 0 | _aLigji dhe legjislacioni | |
| 942 |
_2udc _cBK |
||
| 999 |
_c1208 _d1208 |
||